[Event "4NCL Division 1b"]
[Site "Telford, ENG"]
[Date "2019.03.16"]
[Round "7.81"]
[White "Roberson, Peter T"]
[Black "Gordon, Stephen J"]
[Result "1/2-1/2"]
[WhiteElo "2428"]
[BlackElo "2533"]
[PlyCount "41"]
[EventDate "2019.03.16"]
[WhiteTeam "Grantham Sharks 1"]
[BlackTeam "3Cs 1"]

1. e4 c5 2. Nc3 d6 3. f4 Nc6 4. Nf3 g6 5. Bc4 Bg7 6. O-O e6 7. d4 cxd4 8. Nb5
Nge7 9. Bb3 a6 10. Nbxd4 Na5 11. Be3 O-O 12. Qe1 e5 13. fxe5 dxe5 14. Qh4 Nxb3
15. Nxb3 f6 16. Rad1 Qc7 17. Bc5 Be6 18. Bd6 Qb6+ 19. Bc5 Qc7 20. Bd6 Qb6+ 21.
Bc5 1/2-1/2

[Event "4NCL Division 1b"]
[Site "Telford, ENG"]
[Date "2019.03.16"]
[Round "7.82"]
[White "Haug, Johannes"]
[Black "Ghasi, Ameet K"]
[Result "1-0"]
[WhiteElo "2406"]
[BlackElo "2507"]
[PlyCount "77"]
[EventDate "2019.03.16"]
[WhiteTeam "3Cs 1"]
[BlackTeam "Grantham Sharks 1"]

1. d4 Nf6 2. c4 g6 3. g3 Bg7 4. Bg2 O-O 5. Nc3 d6 6. Nf3 c5 7. O-O Nc6 8. dxc5
dxc5 9. Be3 Qa5 10. Nd2 Rd8 11. Qc1 Nd4 12. Re1 Bf5 13. Nde4 Nxe4 14. Nxe4 Rac8
15. Bd2 Qa4 16. e3 Nc2 17. b3 Qd7 18. Qxc2 Bxa1 19. Rxa1 Bxe4 20. Qxe4 Qxd2 21.
Qxe7 Qb2 22. Rf1 Qxa2 23. Bxb7 Re8 24. Qd7 Rb8 25. Qc7 Rf8 26. Bd5 Rb5 27. b4
Rxb4 28. Qxc5 Rb1 29. e4 Rxf1+ 30. Kxf1 Qb1+ 31. Kg2 Qb6 32. Qe7 a5 33. c5 Qb4
34. e5 Qd4 35. Qd6 Kg7 36. c6 Rc8 37. Bf3 Qa7 38. Qf6+ Kh6 39. g4 1-0

[Event "4NCL Division 1b"]
[Site "Telford, ENG"]
[Date "2019.03.16"]
[Round "7.83"]
[White "Batchelor, Peter J"]
[Black "Ashton, Adam G"]
[Result "1/2-1/2"]
[WhiteElo "2310"]
[BlackElo "2319"]
[PlyCount "113"]
[EventDate "2019.03.16"]
[WhiteTeam "Grantham Sharks 1"]
[BlackTeam "3Cs 1"]

1. d4 d5 2. c4 e6 3. Nf3 Nf6 4. g3 dxc4 5. Bg2 a6 6. a4 Nc6 7. O-O Rb8 8. Re1
Be7 9. e4 O-O 10. Nc3 b5 11. axb5 axb5 12. e5 Nd5 13. h4 Ncb4 14. Ng5 Bb7 15.
Qh5 Bxg5 16. Bxg5 Qe8 17. Bf6 gxf6 18. exf6 Kh8 19. Qh6 Rg8 20. Be4 Nxf6 21.
Qxf6+ Rg7 22. h5 h6 23. Qxh6+ Kg8 24. Bxb7 Rxb7 25. Re5 Qf8 26. Qf6 c6 27. h6
Rg6 28. Rg5 Rxg5 29. Qxg5+ Kh7 30. Ne4 Nd5 31. Qe5 f5 32. Ng5+ Kxh6 33. Nxe6
Qf6 34. Qe2 Re7 35. Qd2+ f4 36. Nc5 Kg7 37. Ra3 Qf5 38. gxf4 c3 39. Rxc3 Nxc3
40. Qxc3 Kh7 41. Qd3 Qxd3 42. Nxd3 Rd7 43. Ne5 Rxd4 44. Nxc6 Rc4 45. Na5 Rc2
46. b4 Kg6 47. Kg2 Kf5 48. Nb7 Rd2 49. Kf3 Rd3+ 50. Ke2 Rd4 51. Ke3 Re4+ 52.
Kd3 Rxb4 53. Nd6+ Kxf4 54. Kc3 Rb1 55. Kc2 Rf1 56. Nxb5 Rxf2+ 57. Kd3 1/2-1/2

[Event "4NCL Division 1b"]
[Site "Telford, ENG"]
[Date "2019.03.16"]
[Round "7.84"]
[White "Abbas, Daniel"]
[Black "Rendle, Thomas E"]
[Result "0-1"]
[WhiteElo "2260"]
[BlackElo "2374"]
[PlyCount "70"]
[EventDate "2019.03.16"]
[WhiteTeam "3Cs 1"]
[BlackTeam "Grantham Sharks 1"]

1. e4 e6 2. d4 d5 3. Nd2 c5 4. exd5 Qxd5 5. Ngf3 cxd4 6. Bc4 Qd7 7. O-O Nc6 8.
Nb3 a6 9. a4 Qc7 10. Nbxd4 Bd7 11. Qe2 Nxd4 12. Nxd4 Bd6 13. h3 Ne7 14. Be3 O-O
15. Bb3 Ng6 16. Rfd1 Bh2+ 17. Kh1 Bf4 18. c3 Rae8 19. Rd2 e5 20. Nc2 a5 21. Na3
Bc6 22. Nb5 Qe7 23. Bd5 e4 24. Re1 Bb8 25. Red1 Qe5 26. g3 Bxd5 27. Rxd5 Qe6
28. Kg2 f5 29. Qc4 f4 30. gxf4 Rc8 31. Nd4 Nh4+ 32. Kh2 Nf3+ 33. Kg2 Qg6+ 34.
Rg5+ Rxc4 35. Rxg6 hxg6 0-1

[Event "4NCL Division 1b"]
[Site "Telford, ENG"]
[Date "2019.03.16"]
[Round "7.85"]
[White "Holland, James P"]
[Black "Ranaldi, Lucas"]
[Result "0-1"]
[WhiteElo "2269"]
[BlackElo "2279"]
[PlyCount "56"]
[EventDate "2019.03.16"]
[WhiteTeam "Grantham Sharks 1"]
[BlackTeam "3Cs 1"]

1. Nc3 d5 2. d4 Nf6 3. Bf4 a6 4. e3 e6 5. Nf3 c5 6. dxc5 Bxc5 7. Bd3 Nbd7 8. g4
Bb4 9. Nd2 e5 10. Bg3 h5 11. gxh5 Bxc3 12. bxc3 Nxh5 13. e4 Nxg3 14. fxg3 Nf6
15. Qe2 d4 16. cxd4 Qxd4 17. Nb3 Qc3+ 18. Qd2 Qc7 19. Qg5 Kf8 20. Qe3 Bh3 21.
O-O-O Rc8 22. Rd2 a5 23. Bb5 a4 24. Nc5 Qb6 25. Qa3 Rxc5 26. Rd8+ Qxd8 27.
Qxc5+ Qe7 28. Rd1 Qxc5 0-1

[Event "4NCL Division 1b"]
[Site "Telford, ENG"]
[Date "2019.03.16"]
[Round "7.86"]
[White "Walton, Alan J"]
[Black "Head, Louise"]
[Result "1-0"]
[WhiteElo "2132"]
[BlackElo "2207"]
[PlyCount "121"]
[EventDate "2019.03.16"]
[WhiteTeam "3Cs 1"]
[BlackTeam "Grantham Sharks 1"]

1. d4 d5 2. c4 dxc4 3. e4 Nf6 4. Nc3 e5 5. Nf3 exd4 6. Nxd4 Bc5 7. Be3 Bxd4 8.
Qxd4 Be6 9. Qxd8+ Kxd8 10. f4 Ng4 11. O-O-O+ Kc8 12. Bd4 f6 13. h3 Nh6 14. g4
Rd8 15. g5 Ng8 16. gxf6 Nc6 17. Nd5 Bxd5 18. exd5 Nxd4 19. Rxd4 Nxf6 20. Bxc4
Rb8 21. a4 a6 22. Rhd1 b5 23. axb5 axb5 24. Be2 Rb6 25. Bf3 Kd7 26. Rg1 g6 27.
f5 gxf5 28. Rg5 Kd6 29. Rxf5 Kc5 30. Rdf4 Nxd5 31. b4+ Kc6 32. Rxd5 Rxd5 33.
Rd4 Kd6 34. Rxd5+ Ke6 35. Rh5 Rb8 36. Rxh7 Kd6 37. Rh6+ Ke5 38. Rc6 Rf8 39. Bg4
Rf4 40. Rc5+ Kd6 41. Rxb5 c5 42. Rxc5 Rxb4 43. Rg5 Ke7 44. Kd2 Rb3 45. Ke2 Kf6
46. Rc5 Ra3 47. Kf2 Kg6 48. Bf3 Ra6 49. Kg3 Rb6 50. Kf4 Rf6+ 51. Kg4 Rb6 52.
Be4+ Kh6 53. Rh5+ Kg7 54. Rh7+ Kg8 55. Rc7 Kf8 56. Kg5 Re6 57. Bf5 Rd6 58. h4
Kg8 59. h5 Kh8 60. Rc8+ Kg7 61. h6+ 1-0

[Event "4NCL Division 1b"]
[Site "Telford, ENG"]
[Date "2019.03.16"]
[Round "7.87"]
[White "Munshi, Aditya"]
[Black "Longson, Sarah N"]
[Result "0-1"]
[WhiteElo "2163"]
[BlackElo "2111"]
[PlyCount "52"]
[EventDate "2019.03.16"]
[WhiteTeam "Grantham Sharks 1"]
[BlackTeam "3Cs 1"]

1. e4 e5 2. Nf3 Nc6 3. Bc4 Nf6 4. d3 Be7 5. O-O O-O 6. Re1 d6 7. a4 Kh8 8. a5
a6 9. h3 h6 10. Nc3 Ng8 11. Nd5 f5 12. c3 Bf6 13. Qb3 fxe4 14. dxe4 Bh4 15.
Nxh4 Qxh4 16. Be3 Nf6 17. Nxc7 Bxh3 18. Nxa8 Bxg2 19. Kxg2 Nxe4 20. Bf7 Qg4+
21. Kf1 Qf3 22. Kg1 Rxf7 23. Qd1 Qh3 24. f3 Rxf3 25. Qxf3 Qxf3 26. Nb6 Ng3 0-1

[Event "4NCL Division 1b"]
[Site "Telford, ENG"]
[Date "2019.03.16"]
[Round "7.88"]
[White "Reeve, Andy K"]
[Black "Bremner, Adam"]
[Result "1/2-1/2"]
[WhiteElo "2086"]
[BlackElo "2184"]
[PlyCount "92"]
[EventDate "2019.03.16"]
[WhiteTeam "3Cs 1"]
[BlackTeam "Grantham Sharks 1"]

1. c4 e6 2. Nf3 d5 3. g3 Nf6 4. Bg2 Be7 5. O-O O-O 6. b3 b6 7. Bb2 Bb7 8. e3
Nbd7 9. Nc3 Ne4 10. d3 Nxc3 11. Bxc3 c5 12. Qe2 Qc7 13. Rac1 Rac8 14. Rfd1 Rfd8
15. Qb2 Bf6 16. Bxf6 Nxf6 17. cxd5 Bxd5 18. b4 Qe7 19. bxc5 Rxc5 20. Rxc5 Qxc5
21. Rc1 Qa5 22. Nd4 e5 23. Nf5 Bxg2 24. Kxg2 Kf8 25. Qb3 g6 26. Nh4 Qd5+ 27.
Qxd5 Rxd5 28. Nf3 e4 29. dxe4 Nxe4 30. Rc8+ Kg7 31. Nd4 Rc5 32. Rxc5 Nxc5 33.
f4 f5 34. h3 Kf6 35. g4 a6 36. Kf3 b5 37. Ke2 Ne4 38. a3 Nd6 39. Kd3 Ne4 40.
Ke2 h6 41. Kf3 Nc3 42. h4 h5 43. gxh5 gxh5 44. Kf2 Nd5 45. Kf3 Nc3 46. Kf2 Nd5
1/2-1/2

[Event "4NCL Division 1c"]
[Site "Telford, ENG"]
[Date "2019.05.05"]
[Round "10.12"]
[White "Hawkins, Jonathan"]
[Black "Fressinet, Laurent"]
[Result "1-0"]
[WhiteElo "2567"]
[BlackElo "2639"]
[PlyCount "89"]
[EventDate "2019.05.05"]
[WhiteTeam "Cheddleton 1"]
[BlackTeam "Guildford 1"]

1. d4 d5 2. c4 c6 3. Nf3 Nf6 4. Nc3 e6 5. e3 Nbd7 6. Qc2 Bd6 7. Bd3 dxc4 8.
Bxc4 b5 9. Be2 O-O 10. O-O Bb7 11. Rd1 Qc7 12. Bd2 e5 13. Rac1 a6 14. b4 Rfe8
15. Bd3 h6 16. Ne4 Nxe4 17. Bxe4 exd4 18. Nxd4 Ne5 19. Nf5 Bf8 20. Bc3 g6 21.
Ng3 Qe7 22. h3 Bg7 23. Qb3 Kh8 24. Ne2 Rac8 25. Bd4 Nc4 26. Bxg7+ Kxg7 27. Bd3
Ne5 28. Qc3 Kg8 29. Nf4 c5 30. bxc5 Nd7 31. Bxg6 Rxc5 32. Qb3 Rxc1 33. Rxc1 Ne5
34. Bb1 Qg5 35. Kf1 Ba8 36. Rc5 Qf6 37. Qc3 Qd6 38. Bc2 Bb7 39. Nh5 Kf8 40. Kg1
Nc4 41. Qg7+ Ke7 42. Rf5 Rf8 43. Nf4 Ke8 44. Rf6 Qe5 45. Ng6 1-0

[Event "4NCL Division 1c"]
[Site "Telford, ENG"]
[Date "2019.05.05"]
[Round "10.13"]
[White "Bacrot, Etienne"]
[Black "Fodor, Tamas Jr"]
[Result "1-0"]
[WhiteElo "2683"]
[BlackElo "2528"]
[PlyCount "107"]
[EventDate "2019.05.05"]
[WhiteTeam "Guildford 1"]
[BlackTeam "Cheddleton 1"]

1. e4 e6 2. d4 d5 3. exd5 exd5 4. Nf3 Bd6 5. c4 Nf6 6. c5 Be7 7. Qa4+ Bd7 8.
Qc2 b6 9. Be3 Nc6 10. Be2 O-O 11. Nc3 Nb4 12. Qd2 a5 13. cxb6 cxb6 14. O-O Ne4
15. Qd1 Be6 16. a3 Nc6 17. Rc1 Na7 18. Bd3 f5 19. Qb3 Kh8 20. Ne5 Bg8 21. f3
Bg5 22. Bxg5 Nxg5 23. Ne2 Qd6 24. Rc3 Ne6 25. f4 g6 26. Qa4 Rfd8 27. Rfc1 Rac8
28. b4 axb4 29. axb4 Rxc3 30. Nxc3 Nc8 31. Nb5 Qf8 32. g3 Nd6 33. Nxd6 Rxd6 34.
Qa7 g5 35. fxg5 Nxg5 36. Rf1 Rh6 37. Qa3 Be6 38. Kh1 Rf6 39. Qc1 Nh3 40. Qc7
Qxb4 41. Ng4 Qxd4 42. Qd8+ Kg7 43. Qxf6+ Qxf6 44. Nxf6 Kxf6 45. Kg2 Ng5 46.
Bxf5 Bxf5 47. g4 Ne4 48. Rxf5+ Ke6 49. Rh5 Nf6 50. Rh6 Ke5 51. g5 Ne4 52. h4 d4
53. Rxh7 d3 54. Kf3 1-0

[Event "4NCL Division 1c"]
[Site "Telford, ENG"]
[Date "2019.05.05"]
[Round "10.14"]
[White "Arkell, Keith C"]
[Black "Sadler, Matthew D"]
[Result "0-1"]
[WhiteElo "2467"]
[BlackElo "2688"]
[PlyCount "102"]
[EventDate "2019.05.05"]
[WhiteTeam "Cheddleton 1"]
[BlackTeam "Guildford 1"]

1. Nf3 d5 2. g3 Bg4 3. Bg2 Nd7 4. d4 e6 5. O-O Ngf6 6. Nbd2 Be7 7. b3 O-O 8.
Bb2 a5 9. c4 a4 10. Ne5 Bf5 11. Bc3 Nxe5 12. dxe5 Ne4 13. Nxe4 dxe4 14. Qxd8
Rfxd8 15. b4 a3 16. Rfd1 f6 17. f3 e3 18. f4 fxe5 19. Bxb7 Rxd1+ 20. Rxd1 Rb8
21. Rd7 Bxb4 22. Bxb4 Rxb7 23. Bxa3 exf4 24. gxf4 Rb1+ 25. Kg2 Be4+ 26. Kh3 Re1
27. Bb2 Rxe2 28. Rxg7+ Kf8 29. Bd4 c5 30. Be5 Rxa2 31. Rg1 Ke7 32. Rg7+ Kd8 33.
Rg1 Kd7 34. Re1 e2 35. Kg3 Bd3 36. Kf2 Bxc4 37. Rc1 Ra4 38. Bc3 Kc6 39. Bd2 Kd5
40. Be3 Ra2 41. Ke1 Ra5 42. Rc3 Ra1+ 43. Rc1 Rxc1+ 44. Bxc1 Bd3 45. Kd2 Ke4 46.
Ba3 c4 47. Bb2 Kxf4 48. Bc3 Kg4 49. Ke1 Kh3 50. Be5 Kg2 51. h4 h5 0-1

[Event "4NCL Division 1c"]
[Site "Telford, ENG"]
[Date "2019.05.05"]
[Round "10.15"]
[White "McShane, Luke J"]
[Black "Kirk, Ezra"]
[Result "1-0"]
[WhiteElo "2686"]
[BlackElo "2427"]
[PlyCount "87"]
[EventDate "2019.05.05"]
[WhiteTeam "Guildford 1"]
[BlackTeam "Cheddleton 1"]

1. e4 c5 2. Nf3 Nc6 3. d4 cxd4 4. Nxd4 g6 5. c4 Bg7 6. Be3 Nf6 7. Nc3 O-O 8.
Be2 d6 9. O-O Bd7 10. Qd2 Nxd4 11. Bxd4 Bc6 12. f3 a5 13. b3 Nd7 14. Be3 Nc5
15. Rab1 Qb6 16. Rfc1 Rfc8 17. Rc2 Qd8 18. Bf1 h5 19. a3 Kh7 20. Kh1 Be5 21. b4
Na4 22. Ne2 axb4 23. axb4 Qh8 24. Nd4 Bd7 25. Rbc1 Bg7 26. f4 Bc6 27. Nxc6 bxc6
28. c5 Bb2 29. Rb1 Bg7 30. Bd3 Bd4 31. e5 dxc5 32. bxc5 Bxe3 33. Qxe3 Rcb8 34.
Rbc1 e6 35. Be4 Ra6 36. Qe2 Qc8 37. Qxh5+ Kg7 38. Qf3 Rb4 39. g4 Qd7 40. Rd1
Rd4 41. Rf1 Qe7 42. Qe3 Rxe4 43. Qxe4 Nxc5 44. Qb4 1-0

[Event "4NCL Division 1c"]
[Site "Telford, ENG"]
[Date "2019.05.05"]
[Round "10.16"]
[White "Eggleston, David J"]
[Black "Hou, Yifan"]
[Result "1/2-1/2"]
[WhiteElo "2401"]
[BlackElo "2662"]
[PlyCount "31"]
[EventDate "2019.05.05"]
[WhiteTeam "Cheddleton 1"]
[BlackTeam "Guildford 1"]

1. e4 e5 2. Nf3 Nf6 3. Nxe5 d6 4. Nf3 Nxe4 5. d3 Nf6 6. d4 d5 7. Bd3 Bd6 8. O-O
O-O 9. Re1 Bg4 10. Bg5 Nbd7 11. Nbd2 c6 12. c3 Qc7 13. Qc2 Rfe8 14. Bh4 Bh5 15.
Bg3 Bg6 16. Bxg6 1/2-1/2

[Event "4NCL Division 1c"]
[Site "Telford, ENG"]
[Date "2019.05.05"]
[Round "10.17"]
[White "Edouard, Romain"]
[Black "Astaneh Lopez, Alex"]
[Result "1-0"]
[WhiteElo "2650"]
[BlackElo "2427"]
[PlyCount "38"]
[EventDate "2019.05.05"]
[WhiteTeam "Guildford 1"]
[BlackTeam "Cheddleton 1"]

1. d4 Nf6 2. c4 e6 3. Nc3 Bb4 4. Nf3 c5 5. g3 Nc6 6. Bg2 Ne4 7. Bd2 Bxc3 8.
Bxc3 Nxc3 9. bxc3 Qa5 10. O-O Qxc3 11. Rc1 Qa5 12. d5 Nd8 13. Qd3 f6 14. Nd2
Nf7 15. Qe3 Qxa2 16. Ne4 O-O 17. Nxc5 e5 18. Qc3 b5 19. cxb5 Nd6 1-0

[Event "4NCL Division 1c"]
[Site "Telford, ENG"]
[Date "2019.05.05"]
[Round "10.18"]
[White "Steil-Antoni, Fiona"]
[Black "Pert, Nicholas"]
[Result "0-1"]
[WhiteElo "2156"]
[BlackElo "2563"]
[PlyCount "88"]
[EventDate "2019.05.05"]
[WhiteTeam "Cheddleton 1"]
[BlackTeam "Guildford 1"]

1. e4 c5 2. Nf3 Nc6 3. Bb5 g6 4. Bxc6 dxc6 5. d3 Bg7 6. h3 Nf6 7. Nc3 Nd7 8.
Be3 e5 9. Qd2 h6 10. O-O b6 11. Nh2 Nf8 12. f4 exf4 13. Bxf4 Be6 14. Rae1 g5
15. Bg3 Ng6 16. Kh1 h5 17. Nf3 g4 18. Ng1 h4 19. Bf2 Qd7 20. hxg4 Bxg4 21. Be3
Be5 22. Nce2 Bg3 23. Bg5 Bxe1 24. Qxe1 Rh5 25. Bf6 Qe6 26. Nf4 Nxf4 27. Rxf4
Kd7 28. Bxh4 f5 29. g3 Re8 30. Qf2 Kc8 31. a4 fxe4 32. dxe4 Re5 33. Rf6 Qc4 34.
Rxc6+ Kb7 35. Rd6 Qxe4+ 36. Kh2 Qxa4 37. Qf7+ Ka6 38. Rd2 Re1 39. b4 Be6 40.
Qf2 Re5 41. Qf1+ Kb7 42. b5 Qe4 43. Qa1 Bd5 44. Nh3 Qf3 0-1

[Event "4NCL Division 1c"]
[Site "Telford, ENG"]
[Date "2019.05.05"]
[Round "10.22"]
[White "Lupulescu, Constantin"]
[Black "Tan, Justin"]
[Result "1/2-1/2"]
[WhiteElo "2634"]
[BlackElo "2519"]
[PlyCount "127"]
[EventDate "2019.05.05"]
[WhiteTeam "Chess.com Manx Liberty 1"]
[BlackTeam "Wood Green"]

1. Nf3 d5 2. e3 Nf6 3. c4 e6 4. b3 Be7 5. Bb2 dxc4 6. bxc4 c5 7. Be2 O-O 8. Nc3
b6 9. Qc2 Bb7 10. Rg1 Nc6 11. a3 Nd7 12. g4 Nde5 13. Ne4 Qc7 14. Qc3 Rfd8 15.
g5 Bf8 16. O-O-O Ng6 17. d3 a6 18. h4 b5 19. Nxc5 b4 20. axb4 a5 21. bxa5 Rxa5
22. d4 e5 23. h5 exd4 24. Nxd4 Rxc5 25. hxg6 hxg6 26. Nxc6 Rxd1+ 27. Rxd1 Bxc6
28. f4 Bf3 29. Qd3 Bxe2 30. Qxe2 Rxc4+ 31. Kb1 Rb4 32. Qc2 Qb8 33. Rd3 Rb5 34.
Qc3 Qa8 35. Qd4 Rb4 36. Qd5 Qb8 37. Qe5 Qxe5 38. fxe5 Be7 39. e6 Bxg5 40. exf7+
Kxf7 41. Kc2 Rb7 42. e4 Ke6 43. Rg3 Bf6 44. Bxf6 Kxf6 45. Kd2 Rb2+ 46. Ke1 g5
47. Rf3+ Kg6 48. e5 Rb6 49. Kf2 Re6 50. Re3 Kf5 51. Rf3+ Kxe5 52. Kg3 Rf6 53.
Ra3 Kf5 54. Ra7 Kg6 55. Rc7 Rd6 56. Ra7 Kf6 57. Rb7 Re6 58. Ra7 Re7 59. Ra6+
Kf5 60. Ra3 Kg6 61. Ra8 Re4 62. Rb8 g4 63. Rb5 Kh6 64. Ra5 1/2-1/2

[Event "4NCL Division 1c"]
[Site "Telford, ENG"]
[Date "2019.05.05"]
[Round "10.23"]
[White "Houska, Jovanka"]
[Black "Parligras, Mircea-Emilian"]
[Result "0-1"]
[WhiteElo "2426"]
[BlackElo "2633"]
[PlyCount "102"]
[EventDate "2019.05.05"]
[WhiteTeam "Wood Green"]
[BlackTeam "Chess.com Manx Liberty 1"]

1. d4 Nf6 2. Nf3 d5 3. c4 e6 4. Nc3 Nbd7 5. cxd5 exd5 6. Bf4 c6 7. h3 Nb6 8.
Qc2 Bd6 9. Bxd6 Qxd6 10. e3 g6 11. Bd3 Be6 12. O-O O-O 13. Ne5 Ne8 14. Rae1 Ng7
15. f4 Bf5 16. Bxf5 Nxf5 17. g4 Ng7 18. Qf2 Rae8 19. Nd3 Qd8 20. e4 dxe4 21.
Nxe4 f5 22. Nec5 Rxe1 23. Rxe1 fxg4 24. hxg4 Nd5 25. Ne6 Nxe6 26. Rxe6 Nxf4 27.
Nxf4 g5 28. Re4 Qd6 29. Qf3 gxf4 30. Kf2 Qb4 31. Qc3 Qd6 32. Qc4+ Rf7 33. Re6
Qd8 34. Qc5 Qh4+ 35. Kf1 Rf8 36. Qh5 Qxh5 37. gxh5 Rf5 38. Re7 Rf7 39. Re5 Rd7
40. Rg5+ Kf7 41. Rf5+ Kg7 42. Re5 Kf6 43. Re4 Kf5 44. Re5+ Kg4 45. Ke2 Rxd4 46.
Re7 Rb4 47. h6 Rxb2+ 48. Kd3 Kg5 49. Rxh7 Kg6 50. Rh8 f3 51. Ke3 f2 0-1

[Event "4NCL Division 1c"]
[Site "Telford, ENG"]
[Date "2019.05.05"]
[Round "10.24"]
[White "Erdos, Viktor"]
[Black "Taylor, Adam C"]
[Result "1-0"]
[WhiteElo "2610"]
[BlackElo "2398"]
[PlyCount "81"]
[EventDate "2019.05.05"]
[WhiteTeam "Chess.com Manx Liberty 1"]
[BlackTeam "Wood Green"]

1. Nf3 Nf6 2. c4 e6 3. d4 d5 4. Bg5 Be7 5. Nc3 O-O 6. e3 Nbd7 7. Rc1 Re8 8. Bd3
a6 9. c5 c6 10. h3 Nh5 11. Bxe7 Qxe7 12. O-O f5 13. Ne5 Nhf6 14. f4 Nxe5 15.
fxe5 Nd7 16. Na4 Rb8 17. Rc2 Qg5 18. Qf3 b6 19. cxb6 Nxb6 20. Nc5 Nd7 21. Nb3
Rb6 22. Qf4 Qxf4 23. exf4 Bb7 24. Kf2 Ba8 25. Ke3 Reb8 26. Rff2 Rb4 27. Rfd2
Kf7 28. g3 g6 29. Be2 R4b6 30. Na5 Rc8 31. a3 Rg8 32. b4 g5 33. g4 fxg4 34.
hxg4 gxf4+ 35. Kxf4 Nf8 36. Bd3 Rg7 37. Rh2 Ng6+ 38. Ke3 Kg8 39. Rcf2 Bb7 40.
Rf6 Bc8 41. Rhf2 1-0

[Event "4NCL Division 1c"]
[Site "Telford, ENG"]
[Date "2019.05.05"]
[Round "10.25"]
[White "Harvey, Marcus R"]
[Black "Fridman, Daniel"]
[Result "0-1"]
[WhiteElo "2402"]
[BlackElo "2629"]
[PlyCount "100"]
[EventDate "2019.05.05"]
[WhiteTeam "Wood Green"]
[BlackTeam "Chess.com Manx Liberty 1"]

1. Nf3 d5 2. b3 Nf6 3. Bb2 Bf5 4. e3 e6 5. Nh4 Bg4 6. Be2 Bxe2 7. Qxe2 c5 8.
O-O Nc6 9. f4 Be7 10. Nf3 O-O 11. d3 d4 12. e4 b5 13. Nbd2 Nd7 14. c3 dxc3 15.
Bxc3 Nb6 16. Ne5 Nd4 17. Qf2 Rc8 18. Rac1 f6 19. Nef3 Nxf3+ 20. Qxf3 Qd7 21.
Qh3 Rfd8 22. Nf3 Rc6 23. d4 b4 24. Ba1 c4 25. bxc4 Nxc4 26. Rfe1 a5 27. Qh5
Rcc8 28. d5 exd5 29. Rcd1 Bc5+ 30. Bd4 dxe4 31. Bxc5 Qxd1 32. Rxd1 Rxd1+ 33.
Ne1 Rxe1+ 34. Kf2 Rc1 35. Qd5+ Kh8 36. Qe6 e3+ 37. Kg3 Rg8 38. Kh4 Rc2 39. Qe4
e2 40. Bf2 Na3 41. Qd5 a4 42. Qb7 Rxa2 43. Qxb4 Nc2 44. Qc4 Rb2 45. Qxa4 e1=Q
46. Bxe1 Nxe1 47. g3 Rxh2+ 48. Kg4 g6 49. f5 g5 50. Qe8 h5+ 0-1

[Event "4NCL Division 1c"]
[Site "Telford, ENG"]
[Date "2019.05.05"]
[Round "10.26"]
[White "Tari, Aryan"]
[Black "Haria, Ravi"]
[Result "1-0"]
[WhiteElo "2615"]
[BlackElo "2432"]
[PlyCount "137"]
[EventDate "2019.05.05"]
[WhiteTeam "Chess.com Manx Liberty 1"]
[BlackTeam "Wood Green"]

1. e4 e5 2. Nf3 Nf6 3. Nxe5 d6 4. Nc4 Nxe4 5. Qe2 Qe7 6. Ne3 Nf6 7. d4 d5 8. g3
Nc6 9. c3 Be6 10. Nd2 Qd7 11. Bg2 O-O-O 12. h3 h5 13. b4 Re8 14. Nb3 Ne4 15.
Bxe4 dxe4 16. h4 b6 17. Bb2 Ne7 18. d5 Nxd5 19. O-O-O Qc6 20. Qa6+ Kb8 21. Na5
Qa8 22. Qb5 Nf6 23. Nc6+ Kb7 24. c4 a6 25. Qa4 Bd7 26. Rxd7 Nxd7 27. Rd1 Rh6
28. Na5+ bxa5 29. Qxd7 axb4 30. Qxf7 Rc6 31. Qxh5 Bc5 32. Bd4 Bxd4 33. Rxd4 Qc8
34. Qa5 Qe6 35. Qxb4+ Ka7 36. Rd5 Qf6 37. Qb2 Qf7 38. Qd4+ Kb7 39. Ng4 Qe7 40.
c5 Rf8 41. Ne5 Re6 42. Qxe4 c6 43. Rd7+ Qxd7 44. Qb4+ Kc8 45. Nxd7 Kxd7 46.
Qb7+ Ke8 47. Qa8+ Ke7 48. Qa7+ Kf6 49. Qxa6 Rd8 50. Qc4 Rd5 51. Qc3+ Kf7 52. f4
Re4 53. a3 Rdd4 54. Qb3+ Rc4+ 55. Kd2 Ke6 56. Qb8 Rcd4+ 57. Kc3 Rc4+ 58. Kb3
Rcd4 59. Qe8+ Kf5 60. Qc8+ Kg6 61. Qxc6+ Kh5 62. Kc3 Rc4+ 63. Kb3 Rcd4 64. Qb5
Re3+ 65. Kc2 Rxg3 66. c6+ Kxh4 67. c7 Rg2+ 68. Kc3 Rd1 69. Qb2 1-0

[Event "4NCL Division 1c"]
[Site "Telford, ENG"]
[Date "2019.05.05"]
[Round "10.27"]
[White "McDonald, Neil"]
[Black "Saduakassova, Dinara"]
[Result "1/2-1/2"]
[WhiteElo "2410"]
[BlackElo "2461"]
[PlyCount "68"]
[EventDate "2019.05.05"]
[WhiteTeam "Wood Green"]
[BlackTeam "Chess.com Manx Liberty 1"]

1. e4 c5 2. Nf3 e6 3. g3 Nc6 4. Bg2 Nf6 5. d3 g6 6. O-O Bg7 7. Re1 e5 8. c3 O-O
9. d4 exd4 10. cxd4 cxd4 11. Nxd4 d5 12. Nxc6 bxc6 13. Nc3 Nxe4 14. Nxe4 dxe4
15. Bxe4 Qxd1 16. Rxd1 Bg4 17. f3 Be6 18. Bf4 Bxb2 19. Rab1 Ba3 20. Bxc6 Rac8
21. Bd5 Bxd5 22. Rxd5 Rc2 23. Rd2 Rxd2 24. Bxd2 Rc8 25. Rb3 Bc5+ 26. Kf1 Bd4
27. Bh6 a6 28. a4 Re8 29. g4 Rc8 30. h4 Bg7 31. Bxg7 Kxg7 32. Rb6 Rc4 33. Rxa6
h5 34. gxh5 gxh5 1/2-1/2

[Event "4NCL Division 1c"]
[Site "Telford, ENG"]
[Date "2019.05.05"]
[Round "10.28"]
[White "Dahl, Baard"]
[Black "Fitzsimons, David"]
[Result "1-0"]
[WhiteElo "2051"]
[BlackElo "2299"]
[PlyCount "85"]
[EventDate "2019.05.05"]
[WhiteTeam "Chess.com Manx Liberty 1"]
[BlackTeam "Wood Green"]

1. e4 d6 2. d4 Nf6 3. Nc3 g6 4. f4 Bg7 5. Nf3 O-O 6. a3 c5 7. dxc5 Qa5 8. b4
Qc7 9. e5 dxe5 10. fxe5 Rd8 11. Bd3 Ng4 12. Nb5 Qd7 13. Qe2 Nc6 14. Bb2 a5 15.
Bc4 Qf5 16. O-O axb4 17. h3 Nh6 18. axb4 Rxa1 19. Bxa1 Nxb4 20. Nbd4 Qf4 21.
Bc3 Nd5 22. Ba5 b6 23. Bd2 Qg3 24. Nc6 Re8 25. Bxd5 bxc5 26. e6 f6 27. Qc4 g5
28. Qxc5 Nf5 29. Bb3 Nd6 30. Qf2 Qxf2+ 31. Rxf2 Ba6 32. Nfd4 Ne4 33. Bb4 Nxf2
34. Kxf2 Bf8 35. Nf5 h5 36. Ncxe7+ Kh7 37. g4 Bb7 38. Ke3 Bg2 39. gxh5 Bxh3 40.
Ke4 Bxf5+ 41. Kxf5 Bxe7 42. Bxe7 Rxe7 43. Kxf6 1-0

[Event "4NCL Division 1c"]
[Site "Telford, ENG"]
[Date "2019.05.05"]
[Round "10.31"]
[White "Turner, Matthew J"]
[Black "Le Roux, Jean-Pierre"]
[Result "0-1"]
[WhiteElo "2517"]
[BlackElo "2542"]
[PlyCount "80"]
[EventDate "2019.05.05"]
[WhiteTeam "Barbican 4NCL 1"]
[BlackTeam "Guildford 2"]

1. c4 e5 2. g3 Nf6 3. Bg2 c6 4. d4 e4 5. Nc3 d5 6. Bg5 Bb4 7. Qb3 Bxc3+ 8. bxc3
Nbd7 9. cxd5 cxd5 10. f3 h6 11. Bc1 O-O 12. fxe4 dxe4 13. Nh3 Nb6 14. O-O Be6
15. Qb2 Rc8 16. Nf4 Bc4 17. a4 Ba6 18. Qd2 Re8 19. Qe1 Rc6 20. Ra3 Nc4 21. Ra2
g5 22. Nd3 exd3 23. Bxc6 bxc6 24. Qf2 d2 25. Bxd2 Re6 26. Bc1 Qe7 27. Qf3 c5
28. d5 Rd6 29. h4 Nxd5 30. hxg5 Nde3 31. Bxe3 Nxe3 32. Rb1 Qxg5 33. Qf4 Qxf4
34. gxf4 Nd5 35. Rd2 Rg6+ 36. Kh2 Nxf4 37. e3 Ne6 38. Rd6 Bc4 39. a5 a6 40. Ra1
Rg4 0-1

[Event "4NCL Division 1c"]
[Site "Telford, ENG"]
[Date "2019.05.05"]
[Round "10.32"]
[White "Stefanova, Antoaneta"]
[Black "Collins, Sam E"]
[Result "1/2-1/2"]
[WhiteElo "2464"]
[BlackElo "2433"]
[PlyCount "38"]
[EventDate "2019.05.05"]
[WhiteTeam "Guildford 2"]
[BlackTeam "Barbican 4NCL 1"]

1. e4 e5 2. Nf3 Nc6 3. Bc4 Bc5 4. c3 Nf6 5. d4 exd4 6. e5 d5 7. Bb5 Ne4 8. cxd4
Bb6 9. Nc3 O-O 10. Be3 Bg4 11. h3 Bh5 12. Qc2 Ba5 13. O-O Bxf3 14. gxf3 Nxd4
15. Bxd4 Qg5+ 16. Kh1 Bxc3 17. bxc3 Qf5 18. fxe4 Qxh3+ 19. Kg1 Qg4+ 1/2-1/2

[Event "4NCL Division 1c"]
[Site "Telford, ENG"]
[Date "2019.05.05"]
[Round "10.33"]
[White "Franklin, Samuel G A"]
[Black "Paehtz, Elisabeth"]
[Result "1/2-1/2"]
[WhiteElo "2344"]
[BlackElo "2456"]
[PlyCount "62"]
[EventDate "2019.05.05"]
[WhiteTeam "Barbican 4NCL 1"]
[BlackTeam "Guildford 2"]

1. c4 Nf6 2. Nc3 e5 3. Nf3 Nc6 4. g3 g6 5. Bg2 Bg7 6. O-O O-O 7. d3 d6 8. Rb1
a5 9. a3 Bf5 10. e4 Bg4 11. h3 Bxf3 12. Bxf3 Nd7 13. b4 Nd4 14. Bg2 axb4 15.
axb4 c6 16. Ne2 Ne6 17. Bb2 Qb6 18. Bc3 Ra3 19. Bb2 Ra2 20. Nc3 Raa8 21. Bc1 f5
22. exf5 gxf5 23. b5 Qc7 24. h4 Ndc5 25. Bb2 Nd4 26. Ne2 Nxe2+ 27. Qxe2 Ra2 28.
bxc6 bxc6 29. Ra1 Rfa8 30. Rxa2 Rxa2 31. Ra1 Rxa1+ 1/2-1/2